000 00928nam a2200277 a 4500
001 000005689
003 DO-SdBNP
005 20150903154159.0
007 000005689
008 091106s1994 000 spa d
040 _aBPMSU
_bspa
_cBPMSU
100 _4Rider Haggard, Henry
245 4 _aLas minas del rey Salomón./
_cHenry Rider Haggard ; versión Claribel Cantillo ; ilustraciones A. Centeno
260 _aSanto Domingo:
_bTobogán
_c1994
300 _a95 p. :
_bil. ;
_c24 cm.
490 _aClásicos universales Tobogán
500 _aLa biblioteca posee la versión del 2008
700 _4Cantillo,Claribel
700 _4Centeno, A.
_4il.
830 _pClásicos universales Tobogán
930 1 _lBND01
_mLF1
_820091106
_f01
_pOI
_g7109
942 _2ddc
_cBK
956 _aJPARRA
_b10
_c20091106
_lBND01
_h1125
956 _aVMateo
_b10
_c201500151
_lBND01
_h1405
956 _aVMATEO
_b10
_c20150903
_lBPMSU
_h00151
999 _c7479
_d7479